[Event "Titled Tuesday intern op 16th Apr Early"]
[Site "Chess.com INT"]
[Date "2024.04.16"]
[Round "3"]
[White "Silva, Pedro Gil Ferreira"]
[Black "Yeritsyan, Hayk"]
[Result "0-1"]
[WhiteElo "2237"]
[BlackElo "2203"]
[PlyCount "96"]
[EventDate "2024.04.16"]
[EventType "swiss (blitz)"]
[EventRounds "11"]
[EventCountry "USA"]
[SourceTitle "CB17_2024"]
[SourceDate "2024.04.24"]
[SourceVersion "1"]
[SourceVersionDate "2024.04.24"]
[SourceQuality "1"]

1. c4 Nf6 2. Nf3 e6 3. g3 c5 4. Bg2 b6 5. 0-0 Bb7 6. b3 d6 7. Bb2 Be7 8. Nc3 a6 9. Rc1 0-0 10. Re1 Nbd7 11. e4 Qc7 12. d4 cxd4 13. Nxd4 Rac8 14. Qe2 Qb8 15. h3 Rfe8 16. Red1 Bf8 17. Qd2 g6 18. Kh2 Nc5 19. Re1 Qa8 20. Qc2 Bg7 21. Rcd1 h5 22. Kh1 h4 23. g4 Qb8 24. f4 d5 25. e5 Nfe4 26. Nxe4 Nxe4 27. Kh2 g5 28. Nf3 gxf4 29. Qb1 b5 30. cxb5 axb5 31. Rc1 b4 32. Qd3 Rxc1 33. Rxc1 Rc8 34. Rxc8+ Qxc8 35. Nxh4 Ba6 36. Qd1 Nc3 37. Qc2 Bxe5 38. Nf3 Bg7 39. Ng5 Qc7 40. Qh7+ Kf8 41. Nf3 Be2 42. g5 e5 43. g6 Bxf3 44. Bxf3 e4 45. gxf7 Qxf7 46. Bh5 Qf6 47. Bg4 f3 48. Kg1 Ne2+ 0-1

[Event "Titled Tuesday intern op 16th Apr Early"]
[Site "Chess.com INT"]
[Date "2024.04.16"]
[Round "4"]
[White "Yeritsyan, Hayk"]
[Black "Tikhonov, Viacheslav"]
[Result "1/2-1/2"]
[WhiteElo "2203"]
[BlackElo "2160"]
[PlyCount "152"]
[EventDate "2024.04.16"]
[EventType "swiss (blitz)"]
[EventRounds "11"]
[EventCountry "USA"]
[SourceTitle "CB17_2024"]
[SourceDate "2024.04.24"]
[SourceVersion "1"]
[SourceVersionDate "2024.04.24"]
[SourceQuality "1"]

1. c4 c5 2. Nc3 Nc6 3. e4 g6 4. d3 Bg7 5. Be3 d6 6. g3 e5 7. Bg2 Nge7 8. f4 0-0 9. Nf3 Nd4 10. 0-0 Nec6 11. Nd5 Nxf3+ 12. Bxf3 f5 13. Qd2 Nd4 14. Bg2 Be6 15. Rab1 Qd7 16. b4 cxb4 17. Rxb4 b6 18. a4 Rab8 19. Rfb1 Kh8 20. a5 Nc6 21. Rb5 Nxa5 22. fxe5 Bxe5 23. Nf4 Bg7 24. Nxe6 Qxe6 25. exf5 Rxf5 26. Rxa5 Rxa5 27. Bf2 Rf8 28. Be4 Re5 29. Bd4 Rxe4 30. Bxg7+ Kxg7 31. dxe4 Qxe4 32. Re1 Qf3 33. Qd4+ Qf6 34. Qe3 Rf7 35. Rd1 Re7 36. Qd3 Re6 37. Rf1 Qe5 38. Rf2 Qe1+ 39. Kg2 Qe4+ 40. Rf3 Qxd3 41. Rxd3 Kf7 42. Kf3 Ke7 43. Ra3 a5 44. Rb3 d5 45. cxd5 Rd6 46. Ke4 Kf6 47. Rf3+ Ke7 48. Rb3 Kf6 49. h4 h5 50. Kd4 Kf5 51. Rf3+ Kg4 52. Ra3 b5 53. Ke5 Rd8 54. Rxa5 Kxg3 55. Rxb5 Kxh4 56. d6 g5 57. Rb1 Kg3 58. Rb3+ Kg2 59. Kf5 Rxd6 60. Kxg5 Rd5+ 61. Kh4 Kh2 62. Rb2+ Kg1 63. Kg3 Rd3+ 64. Kh4 Rd5 65. Rc2 Kf1 66. Ra2 Ke1 67. Kg3 Kd1 68. Kh3 Kc1 69. Rg2 Kb1 70. Rf2 Ka1 71. Rg2 Kb1 72. Rf2 Ka1 73. Rg2 Rd3+ 74. Kh4 Rb3 75. Kxh5 Rb2 76. Rxb2 Kxb2 1/2-1/2

[Event "Titled Tuesday intern op 02nd Apr Late"]
[Site "Chess.com INT"]
[Date "2024.04.02"]
[Round "2"]
[White "Bartel, Marta"]
[Black "Yeritsyan, Hayk"]
[Result "0-1"]
[WhiteElo "2214"]
[BlackElo "2203"]
[PlyCount "92"]
[EventDate "2024.04.02"]
[EventType "swiss (blitz)"]
[EventRounds "11"]
[EventCountry "USA"]
[SourceTitle "CB15_2024"]
[SourceDate "2024.04.10"]
[SourceVersion "1"]
[SourceVersionDate "2024.04.10"]
[SourceQuality "1"]

1. d4 f5 2. Bg5 Nf6 3. Bxf6 exf6 4. e3 g6 5. h4 h5 6. Ne2 d5 7. Nf4 Kf7 8. c4 dxc4 9. Bxc4+ Kg7 10. Nc3 c6 11. Qf3 Bd6 12. 0-0-0 Qe7 13. d5 b5 14. Bb3 b4 15. Nce2 c5 16. Ne6+ Bxe6 17. dxe6 Na6 18. Rxd6 Qxd6 19. Rd1 Qe5 20. Qb7+ Kh6 21. Qxa6 c4 22. Bc2 Rac8 23. Qd6 Rhd8 24. Qxe5 fxe5 25. Rd7 b3 26. Bb1 Rxd7 27. exd7 Rd8 28. axb3 cxb3 29. Nc3 Rxd7 30. f3 Kg7 31. e4 f4 32. Nd5 Rd6 33. Bd3 Rc6+ 34. Kd2 a5 35. Bb5 Rc8 36. Ba4 Rc2+ 37. Kd3 Rxb2 38. Kc3 Rxg2 39. Kxb3 Rg3 40. Kc4 Rxf3 41. Kc5 Ra3 42. Bc6 a4 43. Kd6 f3 44. Kxe5 f2 45. Bb5 Rb3 46. Bc4 a3 0-1

[Event "Titled Tuesday intern op 02nd Apr Late"]
[Site "Chess.com INT"]
[Date "2024.04.02"]
[Round "3"]
[White "Drozdowski, Kacper"]
[Black "Yeritsyan, Hayk"]
[Result "1-0"]
[WhiteElo "2448"]
[BlackElo "2203"]
[PlyCount "169"]
[EventDate "2024.04.02"]
[EventType "swiss (blitz)"]
[EventRounds "11"]
[EventCountry "USA"]
[SourceTitle "CB15_2024"]
[SourceDate "2024.04.10"]
[SourceVersion "1"]
[SourceVersionDate "2024.04.10"]
[SourceQuality "1"]

1. e4 c5 2. Nf3 d6 3. d4 cxd4 4. Nxd4 Nf6 5. f3 g6 6. c4 Bg7 7. Nc3 0-0 8. Be3 Nc6 9. Qd2 a6 10. Be2 Bd7 11. 0-0 Rc8 12. Rac1 Nxd4 13. Bxd4 Bc6 14. Rfd1 Nd7 15. Be3 a5 16. b3 Nc5 17. Rc2 Qc7 18. Bf1 Rfd8 19. Rb1 b6 20. a3 a4 21. b4 Nb3 22. Qf2 Rb8 23. Nd5 Bxd5 24. cxd5 Qd7 25. Rc6 b5 26. Rd1 Rdc8 27. Qc2 Na1 28. Rxa1 Bxa1 29. Bxb5 Qd8 30. Bxa4 Ra8 31. Rxc8 Rxc8 32. Bc6 Qf8 33. a4 Qg7 34. Kf1 Bd4 35. Bd2 Ba7 36. Qc3 Bd4 37. Qd3 Ba7 38. Bc3 Qh6 39. h3 Qc1+ 40. Be1 Rb8 41. Qc3 Qd1 42. a5 Bd4 43. Qd2 Qa1 44. b5 Bc5 45. b6 f6 46. Qc3 Qa2 47. h4 h5 48. Bb5 Kf7 49. Bc4 Qa4 50. Be2 Bxb6 51. axb6 Rxb6 52. Qc4 Qa1 53. Qc3 Qb1 54. Kf2 Qa2 55. Qe3 Rb2 56. Kf1 Kg7 57. g3 Rb1 58. Kf2 Rb2 59. Qd3 Rc2 60. g4 Qa7+ 61. Kf1 Rc1 62. Qd2 Rb1 63. gxh5 gxh5 64. Kg2 Qa1 65. Bf2 Rb2 66. Qe3 Qa2 67. Bf1 Rc2 68. f4 Qb2 69. Qf3 Kh6 70. f5 Rc3 71. Qf4+ Kh7 72. Kg1 Rc1 73. Qf3 Kh6 74. Be3+ Kh7 75. Qxh5+ Kg8 76. Qe8+ Kg7 77. Qxe7+ Kg8 78. Qe8+ Kg7 79. Qg6+ Kh8 80. Bxc1 Qxc1 81. Qxf6+ Kh7 82. Qg6+ Kh8 83. Qh5+ Kg8 84. Qg5+ Kh8 85. Qxc1 1-0

[Event "Titled Tuesday intern op 02nd Apr Early"]
[Site "Chess.com INT"]
[Date "2024.04.02"]
[Round "1"]
[White "Yeritsyan, Hayk"]
[Black "Nimay, Agrawal"]
[Result "1-0"]
[WhiteElo "2203"]
[BlackElo "1843"]
[PlyCount "155"]
[EventDate "2024.04.02"]
[EventType "swiss (blitz)"]
[EventRounds "11"]
[EventCountry "USA"]
[SourceTitle "CB15_2024"]
[SourceDate "2024.04.10"]
[SourceVersion "1"]
[SourceVersionDate "2024.04.10"]
[SourceQuality "1"]

1. Nf3 d5 2. g3 Nf6 3. Bg2 c6 4. 0-0 Bf5 5. b3 e6 6. Bb2 Be7 7. d3 0-0 8. Nbd2 h6 9. Qe1 Nbd7 10. e4 Bh7 11. Qe2 a5 12. a4 Qc7 13. Rfe1 Rfe8 14. e5 Nh5 15. Nd4 g6 16. f4 Ng7 17. Kh1 Bf8 18. Ba3 Bxa3 19. Rxa3 Qd8 20. N2f3 g5 21. Qd2 g4 22. Nh4 Nf8 23. Raa1 Ng6 24. Nxg6 Bxg6 25. c3 Nf5 26. Nxf5 Bxf5 27. Qe3 Kg7 28. d4 h5 29. c4 Rh8 30. Kg1 h4 31. cxd5 cxd5 32. Rac1 h3 33. Bf1 Be4 34. Be2 Bf5 35. Rc5 b6 36. Rc6 Rc8 37. Rec1 Rxc6 38. Rxc6 Qe7 39. Qc3 Qa3 40. Kf2 Qa2 41. Rc7 Be4 42. f5 Bxf5 43. Qe3 Kg6 44. Kg1 Qb1+ 45. Rc1 Qe4 46. Qxe4 Bxe4 47. Kf2 f6 48. exf6 Kxf6 49. Ke3 Ke7 50. Rc6 Rf8 51. Bxg4 Bg2 52. Rxe6+ Kd8 53. Rxb6 Rf1 54. Rh6 Rh1 55. Bxh3 Rxh2 56. Rh8+ Ke7 57. Rh7+ Kf6 58. Bf5 Rxh7 59. Bxh7 Be4 60. Bxe4 dxe4 61. Kxe4 Kg5 62. d5 Kg4 63. d6 Kxg3 64. d7 Kf2 65. d8Q Ke2 66. Qxa5 Kd1 67. Qc5 Kd2 68. a5 Ke2 69. b4 Kf1 70. a6 Kg2 71. b5 Kh2 72. a7 Kg2 73. a8Q Kg3 74. b6 Kh3 75. b7 Kh2 76. b8Q+ Kg2 77. Qg8+ Kh2 78. Qh5# 1-0

[Event "Titled Tuesday intern op 12th Mar Late"]
[Site "Chess.com INT"]
[Date "2024.03.12"]
[Round "7"]
[White "Perez Rodriguez, Jennifer"]
[Black "Yeritsyan, Hayk"]
[Result "1/2-1/2"]
[WhiteElo "2224"]
[BlackElo "2203"]
[PlyCount "194"]
[EventDate "2024.03.12"]
[EventType "swiss (blitz)"]
[EventRounds "11"]
[EventCountry "USA"]
[SourceTitle "CB12_2024"]
[SourceDate "2023.10.01"]
[SourceVersion "1"]
[SourceVersionDate "2023.10.01"]
[SourceQuality "1"]

1. e4 g6 2. d4 Bg7 3. Nc3 c6 4. Be3 d5 5. exd5 cxd5 6. Nf3 Nc6 7. Ne2 Bg4 8. Ng3 e6 9. c3 Nge7 10. h3 Bxf3 11. Qxf3 Nf5 12. Bd2 Nxg3 13. Qxg3 0-0 14. Bd3 a6 15. 0-0 b5 16. b3 Rc8 17. Be3 Qc7 18. Qh4 Ne7 19. Rac1 Nf5 20. Bxf5 exf5 21. Bh6 Qd8 22. Qf4 Re8 23. Bxg7 Kxg7 24. Qf3 Re4 25. Qd3 Qe7 26. c4 dxc4 27. bxc4 bxc4 28. Rxc4 Rxc4 29. Qxc4 Qe6 30. Qc3 Qd5 31. Rd1 h5 32. Qc5 Qxc5 33. dxc5 Rc4 34. Rd6 a5 35. c6 Kf8 36. Rd8+ Ke7 37. Ra8 Rxc6 38. Rxa5 Rc1+ 39. Kh2 Rc2 40. Kg1 h4 41. a4 Rc1+ 42. Kh2 Rf1 43. f3 Kf6 44. Ra7 Ra1 45. Ra6+ Kg5 46. Ra7 f6 47. Ra6 Ra2 48. Kg1 Kf4 49. Rxf6 g5 50. Rg6 Rxa4 51. Kf2 Ra2+ 52. Kf1 Ke3 53. Re6+ Kf4 54. Rg6 Rb2 55. Rg8 Rb7 56. Rg6 Rh7 57. Kf2 Rh8 58. Rc6 Rd8 59. Rc4+ Ke5 60. Rc5+ Ke6 61. Rc6+ Kf7 62. Rc7+ Kg6 63. Rc6+ Kh5 64. Rc2 Rd5 65. Rb2 Kg6 66. Rb6+ Kf7 67. Rb7+ Kf6 68. Rb6+ Ke5 69. Rb2 Rd4 70. Rb5+ Kf4 71. Rb2 Rc4 72. Ra2 Rb4 73. Rc2 Ra4 74. Rb2 Rd4 75. Rc2 g4 76. fxg4 fxg4 77. hxg4 Kxg4 78. Ra2 Rf4+ 79. Kg1 Rc4 80. Kf2 Kf4 81. Rb2 Ra4 82. Re2 Ra3 83. Rd2 Ke4 84. Re2+ Kf5 85. Rb2 Ra4 86. Rb5+ Kg4 87. Rb2 Rf4+ 88. Kg1 Kg3 89. Rb3+ Kg4 90. Rb2 Rd4 91. Kh2 Rc4 92. Rd2 Rb4 93. Rc2 Ra4 94. Rd2 Ra3 95. Rc2 Ra4 96. Rd2 Rb4 97. Rc2 Ra4 1/2-1/2

[Event "Titled Tuesday intern op 12th Mar Early"]
[Site "Chess.com INT"]
[Date "2024.03.12"]
[Round "11"]
[White "Yeritsyan, Hayk"]
[Black "Bartel, Michal"]
[Result "1-0"]
[WhiteElo "2203"]
[BlackElo "2252"]
[PlyCount "61"]
[EventDate "2024.03.12"]
[EventType "swiss (blitz)"]
[EventRounds "11"]
[EventCountry "USA"]
[SourceTitle "CB12_2024"]
[SourceDate "2023.10.01"]
[SourceVersion "1"]
[SourceVersionDate "2023.10.01"]
[SourceQuality "1"]

1. c4 e5 2. Nc3 d6 3. g3 c6 4. Bg2 Be6 5. d3 Be7 6. e4 f5 7. exf5 Bxf5 8. Nge2 Nf6 9. 0-0 Qd7 10. d4 exd4 11. Nxd4 Bh3 12. Qe2 Bxg2 13. Kxg2 0-0 14. Qe6+ Qxe6 15. Nxe6 Rc8 16. Re1 Bf8 17. Bf4 Ne8 18. Rad1 Be7 19. Nxg7 Nxg7 20. Rxe7 Na6 21. g4 Rc7 22. Rxc7 Nxc7 23. Rxd6 Nce6 24. Bg3 Kf8 25. Rd7 b6 26. Ne4 a5 27. Bd6+ Kg8 28. Nf6+ Kh8 29. Be5 Rd8 30. Rxd8+ Nxd8 31. Nh5 1-0

[Event "Titled Tuesday intern op 12th Mar Early"]
[Site "Chess.com INT"]
[Date "2024.03.12"]
[Round "2"]
[White "Yeritsyan, Hayk"]
[Black "Mitrabha, Guha"]
[Result "0-1"]
[WhiteElo "2203"]
[BlackElo "2526"]
[PlyCount "72"]
[EventDate "2024.03.12"]
[EventType "swiss (blitz)"]
[EventRounds "11"]
[EventCountry "USA"]
[SourceTitle "CB12_2024"]
[SourceDate "2023.10.01"]
[SourceVersion "1"]
[SourceVersionDate "2023.10.01"]
[SourceQuality "1"]

1. c4 b6 2. Nc3 Bb7 3. d4 e6 4. e4 Bb4 5. Bd3 f5 6. Nge2 fxe4 7. Bc2 Nf6 8. 0-0 d5 9. Nf4 Qe7 10. f3 0-0 11. fxe4 dxe4 12. Be3 Nbd7 13. Qe2 e5 14. Nfd5 Bxd5 15. Nxd5 Nxd5 16. cxd5 exd4 17. Bxd4 Bc5 18. Qe3 Rxf1+ 19. Rxf1 a5 20. Kh1 Bxd4 21. Qxd4 Nc5 22. d6 Qxd6 23. Qc4+ Kh8 24. Bxe4 Rf8 25. Rxf8+ Qxf8 26. h3 Qf6 27. Bf3 Qxb2 28. Qf7 Qa1+ 29. Kh2 Qe5+ 30. Kh1 h6 31. Bd5 Kh7 32. Qg8+ Kg6 33. Qf7+ Kg5 34. Bf3 Ne6 35. h4+ Kxh4 36. Qh5+ Qxh5 0-1

[Event "Titled Tuesday intern op 12th Mar Early"]
[Site "Chess.com INT"]
[Date "2024.03.12"]
[Round "10"]
[White "Yeritsyan, Hayk"]
[Black "Oro, Faustino"]
[Result "0-1"]
[WhiteElo "2203"]
[BlackElo "2330"]
[PlyCount "118"]
[EventDate "2024.03.12"]
[EventType "swiss (blitz)"]
[EventRounds "11"]
[EventCountry "USA"]
[SourceTitle "CB12_2024"]
[SourceDate "2023.10.01"]
[SourceVersion "1"]
[SourceVersionDate "2023.10.01"]
[SourceQuality "1"]

1. e4 e5 2. Nf3 Nc6 3. d4 exd4 4. Nxd4 Qf6 5. Nf3 Bc5 6. Nc3 Nge7 7. Nb5 Bb6 8. Be3 0-0 9. Bxb6 cxb6 10. c3 Ng6 11. Qd6 Qe6 12. Qxe6 dxe6 13. 0-0-0 a6 14. Nd6 Rd8 15. g3 b5 16. Be2 f6 17. h4 Kf8 18. h5 Nge5 19. Nxe5 Nxe5 20. f4 Nc6 21. h6 g6 22. g4 Ke7 23. Nxc8+ Raxc8 24. Rhg1 g5 25. fxg5 fxg5 26. Rdf1 Ne5 27. Rh1 Rf8 28. Kd2 Rxf1 29. Rxf1 Rf8 30. Rxf8 Kxf8 31. Ke3 Ke7 32. b4 Nf7 33. Kd4 Kd6 34. e5+ Nxe5 35. Bd1 Nf7 36. Bf3 b6 37. Bb7 a5 38. Ba6 Nxh6 39. Bxb5 Nxg4 40. a4 Ne5 41. Ke4 h5 42. Be2 h4 43. bxa5 bxa5 44. c4 Nc6 45. Bg4 Ne7 46. Kd4 Nc6+ 47. Ke4 Ne7 48. Kd4 Nf5+ 49. Ke4 Kc5 50. Ke5 Ne3 51. Bf3 g4 52. Bh1 g3 53. Kf4 g2 54. Bxg2 Nxg2+ 55. Kg4 Ne3+ 56. Kh3 Nxc4 57. Kxh4 Nb6 58. Kg4 Nxa4 59. Kf4 Kd4 0-1

[Event "Titled Tuesday intern op 06th Feb Late"]
[Site "Chess.com INT"]
[Date "2024.02.06"]
[Round "3"]
[White "Sliwicki, Damian"]
[Black "Yeritsyan, Hayk"]
[Result "1-0"]
[WhiteElo "2091"]
[BlackElo "2203"]
[PlyCount "50"]
[EventDate "2024.02.06"]
[EventType "swiss (blitz)"]
[EventRounds "11"]
[EventCountry "USA"]
[SourceTitle "CB07_2024"]
[SourceDate "2024.02.14"]
[SourceVersion "1"]
[SourceVersionDate "2024.02.14"]
[SourceQuality "1"]

1. e4 e6 2. Nf3 d5 3. exd5 exd5 4. d4 Nc6 5. Bb5 Bd6 6. c4 Nge7 7. c5 a6 8. Bxc6+ Nxc6 9. cxd6 Qxd6 10. 0-0 0-0 11. Nc3 Bg4 12. Be3 Rfe8 13. h3 Bh5 14. Re1 Re6 15. g4 Bg6 16. Qd2 Rae8 17. Bf4 Qb4 18. Rxe6 fxe6 19. Re1 Rf8 20. Ne5 Nxd4 21. Nxd5 Rxf4 22. Qxb4 exd5 23. Qe7 Be4 24. Rxe4 dxe4 25. Qd8+ Rf8 1-0

[Event "Titled Tuesday intern op 06th Feb Early"]
[Site "Chess.com INT"]
[Date "2024.02.06"]
[Round "7"]
[White "Yeritsyan, Hayk"]
[Black "Ohler, Julius"]
[Result "0-1"]
[WhiteElo "2203"]
[BlackElo "2279"]
[PlyCount "156"]
[EventDate "2024.02.06"]
[EventType "swiss (blitz)"]
[EventRounds "11"]
[EventCountry "USA"]
[SourceTitle "CB07_2024"]
[SourceDate "2024.02.14"]
[SourceVersion "1"]
[SourceVersionDate "2024.02.14"]
[SourceQuality "1"]

1. e4 c6 2. d3 d5 3. Nf3 dxe4 4. dxe4 Qxd1+ 5. Kxd1 Nf6 6. Bd3 Bg4 7. Be3 Nbd7 8. Nbd2 Ne5 9. Be2 Nxf3 10. gxf3 Bd7 11. c3 g6 12. Kc2 Bg7 13. Nc4 b6 14. b4 0-0 15. Rhd1 Rfd8 16. a4 Ne8 17. Bd4 Nc7 18. Bxg7 Kxg7 19. Ne5 Be8 20. Rxd8 Rxd8 21. a5 b5 22. Rd1 Rxd1 23. Bxd1 f6 24. Nd3 e5 25. Nc5 g5 26. Be2 Kf8 27. c4 Ke7 28. cxb5 cxb5 29. Kc3 Bc6 30. Bd1 Ne6 31. Bb3 Nd4 32. Bd1 Ne6 33. Nb3 Kd6 34. Nd2 Nd4 35. Nf1 Bd7 36. Ne3 Be6 37. Ng2 a6 38. Ne1 Bc4 39. Bc2 Be2 40. Bd3 Bxf3 41. Kd2 Bh5 42. Bf1 Bf7 43. Kc3 Be6 44. Bd3 Bd7 45. Bb1 Bc6 46. Bd3 h5 47. f3 h4 48. Bf1 Bd7 49. Bg2 h3 50. Bf1 Be6 51. Bd3 Ba2 52. Bf1 Be6 53. Bd3 Bd7 54. Bf1 Bc8 55. Bd3 Ne6 56. Bc2 Nf4 57. Bd1 Be6 58. Nc2 Bc4 59. Ne3 Be6 60. Kd2 Ng2 61. Nc2 Bb3 62. Na1 Bxd1 63. Kxd1 Ne3+ 64. Ke2 Ng2 65. Nc2 Nf4+ 66. Ke3 Ng2+ 67. Kf2 Nf4 68. Ne1 Kc6 69. Kg3 Kd6 70. Kg4 Ke6 71. Nc2 Nd3 72. Kxh3 Kf7 73. Kg4 Kg6 74. h4 Nf2+ 75. Kg3 Nd3 76. hxg5 Kxg5 77. Kh3 Kf4 78. Kg2 Nc1 0-1

[Event "Titled Tuesday intern op 06th Feb Early"]
[Site "Chess.com INT"]
[Date "2024.02.06"]
[Round "1"]
[White "Yeritsyan, Hayk"]
[Black "Sanguinetti, Luis"]
[Result "1-0"]
[WhiteElo "2203"]
[BlackElo "2178"]
[PlyCount "71"]
[EventDate "2024.02.06"]
[EventType "swiss (blitz)"]
[EventRounds "11"]
[EventCountry "USA"]
[SourceTitle "CB07_2024"]
[SourceDate "2024.02.14"]
[SourceVersion "1"]
[SourceVersionDate "2024.02.14"]
[SourceQuality "1"]

1. Nf3 Nf6 2. c4 c6 3. e3 d5 4. b3 Bf5 5. Bb2 e6 6. Be2 h6 7. 0-0 Nbd7 8. d4 Bd6 9. Nc3 0-0 10. Bd3 Bg4 11. h3 Bh5 12. e4 dxc4 13. Bxc4 e5 14. dxe5 Nxe5 15. Be2 Bg6 16. Qc2 Re8 17. Rfd1 Nxf3+ 18. Bxf3 Qc7 19. Re1 Bh2+ 20. Kh1 Bg3 21. fxg3 Qxg3 22. Ne2 Qh4 23. Bxf6 gxf6 24. Nc3 Re5 25. Rad1 Rg5 26. Ne2 Re8 27. Ng1 Rg3 28. Qd2 Re5 29. Re3 Reg5 30. Rde1 f5 31. exf5 Bxf5 32. Re8+ Kh7 33. Qc3 Rg7 34. Qe5 Bxh3 35. Qe4+ f5 36. Qxh4 1-0

[Event "Titled Tuesday intern op 09th Jan Early"]
[Site "Chess.com INT"]
[Date "2024.01.09"]
[Round "7"]
[White "Yeritsyan, Hayk"]
[Black "Chernomordik, Pavel"]
[Result "1-0"]
[WhiteElo "2203"]
[BlackElo "2131"]
[PlyCount "71"]
[EventDate "2024.01.09"]
[EventType "swiss (blitz)"]
[EventRounds "11"]
[EventCountry "USA"]
[SourceTitle "CB03_2024"]
[SourceDate "2024.01.17"]
[SourceVersion "1"]
[SourceVersionDate "2024.01.17"]
[SourceQuality "1"]

1. c4 g6 2. Nc3 Bg7 3. e4 c5 4. d3 Nc6 5. g3 h5 6. h4 d6 7. Bg2 Bg4 8. f3 Bd7 9. Nge2 e5 10. Be3 f5 11. Qd2 Nf6 12. Bg5 Qa5 13. Nd5 Qxd2+ 14. Kxd2 0-0 15. a3 Nd4 16. Nxd4 exd4 17. Bxf6 Bxf6 18. exf5 gxf5 19. f4 Bc6 20. Rhe1 Kg7 21. Re6 Rad8 22. Rae1 Bxd5 23. Bxd5 Rd7 24. b4 Bd8 25. Kc2 Rf6 26. Kb3 Rxe6 27. Rxe6 a6 28. Bf3 Re7 29. Rxe7+ Bxe7 30. Bxb7 cxb4 31. axb4 Kf6 32. Bxa6 Ke6 33. Bc8+ Kf6 34. Bb7 Bd8 35. Bf3 Kg6 36. Ka4 1-0

[Event "Titled Tuesday intern op 09th Jan Early"]
[Site "Chess.com INT"]
[Date "2024.01.09"]
[Round "5"]
[White "Yeritsyan, Hayk"]
[Black "Kekic, Armin"]
[Result "1-0"]
[WhiteElo "2203"]
[BlackElo "2138"]
[PlyCount "39"]
[EventDate "2024.01.09"]
[EventType "swiss (blitz)"]
[EventRounds "11"]
[EventCountry "USA"]
[SourceTitle "CB03_2024"]
[SourceDate "2024.01.17"]
[SourceVersion "1"]
[SourceVersionDate "2024.01.17"]
[SourceQuality "1"]

1. c4 e5 2. e4 Nf6 3. d3 Bc5 4. h3 0-0 5. Be2 c6 6. Nf3 d6 7. Nc3 Be6 8. 0-0 Nbd7 9. Ng5 Qe7 10. Nxe6 Qxe6 11. Kh2 d5 12. cxd5 cxd5 13. Bg5 dxe4 14. Nxe4 Nxe4 15. dxe4 Be7 16. Bg4 f5 17. Bxf5 Rxf5 18. exf5 Qd6 19. Qxd6 Bxd6 20. Rfd1 1-0

[Event "Titled Tuesday intern op 19th Dec Early"]
[Site "Chess.com INT"]
[Date "2023.12.19"]
[Round "3"]
[White "Yeritsyan, Hayk"]
[Black "Bowden, Karl"]
[Result "1-0"]
[WhiteElo "2203"]
[BlackElo "2348"]
[PlyCount "99"]
[EventDate "2023.12.19"]
[EventType "swiss (blitz)"]
[EventRounds "11"]
[EventCountry "USA"]
[SourceTitle "CB52_2023"]
[SourceDate "2023.12.27"]
[SourceVersion "1"]
[SourceVersionDate "2023.12.27"]
[SourceQuality "1"]

1. d4 Nf6 2. Nc3 g6 3. e4 d5 4. e5 Ne4 5. Bd3 Nxc3 6. bxc3 c5 7. f4 e6 8. Nf3 b6 9. Bb5+ Bd7 10. a4 Bxb5 11. axb5 a5 12. bxa6 Rxa6 13. Rxa6 Nxa6 14. 0-0 Bg7 15. Qe2 Nc7 16. Ba3 0-0 17. dxc5 Qa8 18. Bb4 Qc6 19. cxb6 Qxb6+ 20. Qf2 Rb8 21. Qxb6 Rxb6 22. Ra1 Ra6 23. Rxa6 Nxa6 24. Kf2 Bf8 25. Bxf8 Kxf8 26. Nd2 Ke7 27. Ke3 Kd7 28. c4 Kc6 29. cxd5+ Kxd5 30. c4+ Kc5 31. Ne4+ Kxc4 32. Nd6+ Kd5 33. Nxf7 Nb4 34. Ng5 h6 35. Nf7 Nc2+ 36. Kf2 Ke4 37. g3 g5 38. Nd6+ Kd5 39. Kf3 gxf4 40. gxf4 Ne1+ 41. Kg4 Nd3 42. h4 Nf2+ 43. Kf3 Nd3 44. Ne8 Nc5 45. Nf6+ Kd4 46. Ng4 h5 47. Nf6 Nd3 48. Nxh5 Ne1+ 49. Kg4 Ke4 50. Ng3+ 1-0

[Event "Titled Tuesday intern op 12th Dec Early"]
[Site "Chess.com INT"]
[Date "2023.12.12"]
[Round "10"]
[White "Finek, Vaclav"]
[Black "Yeritsyan, Hayk"]
[Result "0-1"]
[WhiteElo "2416"]
[BlackElo "2203"]
[PlyCount "138"]
[EventDate "2023.12.12"]
[EventType "swiss (blitz)"]
[EventRounds "11"]
[EventCountry "USA"]
[SourceTitle "CB51_2023"]
[SourceDate "2023.12.20"]
[SourceVersion "1"]
[SourceVersionDate "2023.12.20"]
[SourceQuality "1"]

1. Nf3 Nf6 2. g3 b6 3. Bg2 Bb7 4. 0-0 e6 5. d3 c5 6. e4 d6 7. Re1 Be7 8. Nbd2 0-0 9. b3 Nbd7 10. a4 a6 11. Bb2 Qc7 12. e5 dxe5 13. Nxe5 Bxg2 14. Kxg2 Nxe5 15. Bxe5 Qb7+ 16. Qf3 Qxf3+ 17. Kxf3 Nd5 18. Nc4 b5 19. axb5 axb5 20. Na3 b4 21. Nc4 Bf6 22. Bxf6 gxf6 23. Ke2 Rfd8 24. Kd2 Kf8 25. f4 f5 26. Ne5 Kg7 27. Nc4 Kf6 28. Ra4 Nc3 29. Rxa8 Rxa8 30. Re5 Nd5 31. Ne3 Rd8 32. Nxd5+ exd5 33. Re1 Ra8 34. Re2 h5 35. Re3 Rd8 36. Re2 Rh8 37. Re5 Rd8 38. d4 cxd4 39. Kd3 Rc8 40. Rxd5 Rc3+ 41. Kd2 Rf3 42. Rd6+ Ke7 43. Rxd4 Rf2+ 44. Kc1 Rxh2 45. Rxb4 Rg2 46. Rb7+ Kf6 47. Rb6+ Kg7 48. Rd6 Rxg3 49. b4 h4 50. Rd2 Rf3 51. Kb2 Rxf4 52. Kb3 Rf3+ 53. c3 f4 54. b5 Rf1 55. Kb2 f3 56. b6 f2 57. b7 Rb1+ 58. Kxb1 f1Q+ 59. Kc2 Qf5+ 60. Kc1 Qb5 61. Rb2 Qf1+ 62. Kc2 Qf2+ 63. Kb1 Qf1+ 64. Kc2 Qf5+ 65. Kc1 Qf4+ 66. Kb1 Qb8 67. Kc1 h3 68. Kd1 h2 69. Ke2 h1Q 0-1